Geography Quiz

Random Geography or State Quiz

USA Border Puzzle 'M' Quiz Stats

 Plays Quiz Updated Dec 22, 2017

Score 0/29 Timer 06:00
76 Plays Today
% Correct
???
83.9%
???
83.2%
???
81.6%
???
80%
???
79.6%
???
75.8%
???
71.9%
???
71.7%
???
70.3%
???
69.7%
???
68.6%
???
66.9%
???
65.9%
???
65.5%
???
65.1%
% Correct
???
61%
???
59.2%
???
58.8%
???
56.8%
???
54.4%
???
54.1%
???
52.8%
???
52.4%
???
49.1%
???
46.9%
???
45.6%
???
40.7%
???
39.2%
???
38.3%

You're not logged in!

Compare scores with friends on all Sporcle quizzes.
OR
Log In

You Might Also Like...

Show Comments

Extras

Top Quizzes Today


Score Distribution

Your Account Isn't Verified!

In order to create a playlist on Sporcle, you need to verify the email address you used during registration. Go to your Sporcle Settings to finish the process.

Report this User

Report this user for behavior that violates our Community Guidelines.

Details: